000 00425nam a2200181Ia 4500
001 22559
005 20260414150839.0
008 260414t2005||||xx |||||||||||||| ||spa||
041 _aESP
082 _a621.382
_bM81
100 _aMolisch, Andreas F.
_eAUT
245 0 _aWireless communications
_b
260 _c2005
300 _alvi, 827 páginas :
_c\N
650 _aTCA
654 _aCET
942 _cLIB
_dJUS
_fJUS
_2ddc
_n
999 _c22559
_d22559